000 00463nam a2200169 i 4500
001 71461
003 ES-MaACL
005 20230906171134.0
007 t|
008 040811s1965 sp ||||1| spa d
100 1 _aGell, P. G. H.
_956257
245 1 0 _aClínica inmunológica /
_cpor P.G.H. Gell.
250 _a[1ª ed.].
260 _aBarcelona :
_bSalvat,
_c[1965]
300 _aXVI, 810 p., 9 lám. :
_bil. ;
_c22 cm.
852 _aES-MaACL
_jC-28241
_bR.57613
999 _c71461
_d71461